000 00290nam a22001217a 4500
999 _c158273
_d158273
082 _a
_b
100 _aPeeru Kannu S
245 _aThe critical study of prasastapada bhasya/
_cby Peeru Kannu S.
260 _aNew Delhi:
_bKanishka,
_c1992.
300 _a225p.
650 _a
942 _cBK